Statistics for Airport and domain puzzle

Click here to take the quiz!

General Stats

  • This quiz has been taken 7 times
  • The average score is 5 of 15

Answer Stats

ClueAnswer% Correct
Reunion + Los AngelesRelax
100%
Colombia + Cook Islands + PittsburghCockpit
60%
Seattle + Guam + Las LomitasSeagulls
60%
Shanghai (Hongqiao) + VeracruzShaver
60%
Aleppo + AcapulcoAlpaca
40%
Lisbon + TongrenListen
40%
Morocco + Somalia + Switzerland + Istanbul AtatürkMasochist
40%
USSR + Perth + ManchesterSuperman
40%
Basongo + AngamaBanana
20%
Goondiwindi + San Diego + DerimGoosander
20%
O'Hare + India + Argentina + IslayOrdinarily
20%
Slovenia + Spain + TashkentSiestas
20%
Sao Tome & Principe + Almaty + The Gambia + ItuberáStalagmite
20%
Stauning Vestjylland + Sri Lanka + EritreaStalker
0%
Toledo + Bolivia + North BendTolbooth
0%

Score Distribution

Percentile by Number Answered

Percent of People with Each Score

Your Score History

You have not taken this quiz